| 000 | 00600nam a22002177a 4500 | ||
|---|---|---|---|
| 005 | 20170209101616.0 | ||
| 008 | 150727b xxu||||| |||| 00| 0 spa d | ||
| 041 | _aspa | ||
| 082 | _aGT 24 | ||
| 100 |
_aFernández, Andrés _938637 |
||
| 100 |
_aBrenes, Leonardo _938638 |
||
| 100 |
_aAraya, Fabián _938639 |
||
| 100 |
_aUlate, Yozabath _938640 |
||
| 245 | _aDiagnóstico y presentación final del cantón de Puntarenas | ||
| 260 | _c2014 | ||
| 502 | _a | ||
| 650 |
_aCANTÓN DE PUNTARENAS _938641 |
||
| 650 |
_aCOSTA RICA _938642 |
||
| 650 |
_aATRACTIVOS TURÍSTICOS _95394 |
||
| 942 | _cCD | ||
| 999 |
_c6567 _d6567 |
||